000 01424cad a22002415a 4500
001 L142793
008 080311s2008 xxkd f s 000 0 eng d
035 _a(Sirsi) u142793
041 0 _aeng
050 0 4 _a338.4569 $2 18
110 2 _aDavis Langdon
_94649
245 0 0 _aWorld construction 2007-2008
_h[electronic resource]
260 _a[S.l.]
_bDavis Langdon
_c2008
490 0 _aDavis Langdon World Construction
_v2007-08
520 _aReveals world construction spending increased by only 3% in 2007, compared with nearly 5% growth in 2006, due to the weak US construction market and residential sector. Growth across the rest of the world was nearly 4%, only slightly down from 2006. The markets of Eastern Europe, the Middle East and Asia experienced the strongest demand in 2007, whereas other regional markets were quieter. In terms of short and medium term growth prospects, China is ranked first, followed by India, Russia and the UAE. The survey identifies construction market trends at the regional, national and metropolitan level across Africa, the Americas, Asia Pacific, Australasia, Europe, and the Middle East.
521 2 _aAdvanced
590 _aKA
650 2 4 _aDAVIS LANGDON WORLD CONSTRUCTION
651 4 _aInternational
690 _aBUILT ENVIRONMENT-CONSTRUCTION MARKET
856 4 0 _uhttps://www.davislangdon.com
_zView the item free of charge at www.davislangdon.com...
942 _n0
999 _c107974
_d107974